000 00278nam a2200097Ia 4500
001 1211592
005 20250827024439.0
008 250824s9999 xx 000 0 und d
245 0 _aKUYRUKLUYILDIZ ALTINDA BİR İZDİVAÇ
_cHÜSEYİN RAHMİ GÜRPINAR
260 _bEVEREST YAYINLARI
999 _c1211592
_d1211592